书目信息 |
| 题名: |
阿里巴巴和四十大盗
|
|
| 作者: | 李双 , 张忆 编著 | |
| 分册: | ||
| 出版信息: | 成都 四川文艺出版社 1995.10 |
|
| 页数: | 307页 | |
| 开本: | 32开 | |
| 丛书名: | ||
| 单 册: | ||
| 中图分类: | I546.74 | |
| 科图分类: | ||
| 主题词: | 文学 | |
| 电子资源: | ||
| ISBN: | 7-5411-1404-9 | |
| 000 | 00590nam0 2200205 45 | |
| 001 | 0008160810 | |
| 005 | 20000816103326.8 | |
| 010 | @a7-5411-1404-9@d13.00元 | |
| 100 | @a20000816d1995 km y0chiy0120 ea | |
| 101 | 0 | @achi |
| 105 | @a z 000yy | |
| 200 | 1 | @a阿里巴巴和四十大盗@AA Li Ba Ba He Si Shi Da Dao@f李双,张忆编著@FLi Shuang,Zhang Yi Bian Zhu |
| 210 | @a成都@c四川文艺出版社@d1995.10 | |
| 215 | @a307页@d32开 | |
| 606 | 0 | @a文学 |
| 690 | @aI546.74@v3 | |
| 701 | 0 | @a李双@4编著 |
| 701 | 0 | @a张忆@4编著 |
| 801 | @aCN@bPftUser@c20000816 | |
| 905 | @dI546.74@eL.743:1@b107722-723@f2 | |
| 阿里巴巴和四十大盗/李双,张忆编著.-成都:四川文艺出版社,1995.10 |
| 307页;32开 |
| ISBN 7-5411-1404-9:13.00元 |
| ● |
| 相关链接 |
|
|
|
正题名:阿里巴巴和四十大盗
索取号:I546.74/L.743:1
 
预约/预借
| 序号 | 登录号 | 条形码 | 馆藏地/架位号 | 状态 | 备注 |
| 1 | 107722 | 201077226 | 文学库116/ [索取号:I546.74/L.743:1] | 在馆 | |
| 2 | 107723 | 201077235 | 社科二线400B/400B社科库 29排1列3层/ [索取号:I546.74/L.743:1] | 在馆 |